| 000 | 00568nam a2200157 a 4500 | ||
|---|---|---|---|
| 001 | 000044020 | ||
| 005 | 20201002045110.0 | ||
| 008 | 140513s1993 sp 000 0 spa d | ||
| 020 | _a8488675003 | ||
| 040 |
_aDO-SdBNP _bspa _cBNPHU |
||
| 100 | 1 |
_aPanero Martínez, José Antonio _971998 |
|
| 245 | 1 | 0 |
_aEleonor Mermelada perdio el mixto a cienfuegos : _by otros relatos / _cJosé Antonio Panero Martínez. |
| 260 |
_a[Madrid] : _bFundación de los Ferrocarriles Españoles, _c1993. |
||
| 300 |
_a105 p. ; _c21 cm. |
||
| 586 | _aIX Premio narraciones breves Antonio Machado | ||
| 999 |
_c43509 _d43509 |
||